|
|
|
|
| LEADER |
00000nam a22000001a 4500 |
| 001 |
vtls009929148 |
| 003 |
SK-MaSNL |
| 005 |
20260311135353.0 |
| 008 |
240314s1978 xr 000 0 cze |
| 035 |
|
|
|a (SVKBBclas03)vtls000206022
|
| 040 |
|
|
|a SNK
|b slo
|c SNK
|e AACR2
|
| 041 |
0 |
|
|a cze
|
| 044 |
|
|
|a xr
|c CZ
|
| 080 |
|
|
|a 330.342.15(437)
|2 1981
|
| 100 |
1 |
|
|a Průcha, Václav,
|d 1931-
|4 aut
|9 236166
|
| 245 |
1 |
0 |
|a 30 let budování socialiatické ekonomiky Československa
|c Václav Průcha
|
| 246 |
3 |
|
|a Třicet let budování socialistické ekonomiky Československa
|
| 250 |
|
|
|a 1. vyd.
|
| 260 |
|
|
|a Praha
|b Horizont
|c 1978
|
| 300 |
|
|
|a 151 s.
|b tab., grafy
|
| 490 |
1 |
|
|a Na pomoc národnímu hospodářství
|
| 648 |
|
7 |
|a 1948-1978
|2 SNK
|9 431741
|
| 650 |
0 |
7 |
|a národné hospodárstvo
|2 SNKPH
|9 846
|
| 650 |
0 |
7 |
|a hospodárske dejiny
|2 SNKPH
|9 2284
|
| 651 |
|
7 |
|a Československo
|2 SNKPHgeo
|9 21376
|
| 830 |
|
0 |
|a Na pomoc národnímu hospodářství
|9 322288
|
| 852 |
|
|
|a Štátna vedecká knižnica v Banskej Bystrici
|
| 958 |
|
|
|a OND
|
| 999 |
|
|
|c 917839
|d 919769
|
| 952 |
|
|
|a SNK
|b SNK
|y VYP
|7 0
|p 17A0951456
|o snkSC 43702 D1
|i snkKIP 4321/78
|0 0
|1 0
|4 0
|d 2014-12-23
|l 0
|r 2026-02-24 08:05:58
|w 2026-02-24
|